000 01243nam a2200313 a 4500
001 59060
003 BD-RjUL
005 20211209080705.0
008 161220s1989 mnua b 001 0 eng
020 _a0314469354
035 _a(BD-RjUL)59184
040 _aDLC
_cDLC
_dDLC
_beng
041 _aeng
082 0 0 _a658.4033
_219
_bANQ 1989
100 1 _aAnderson, David R.
_q(David Ray),
_d1941-
_9175649
245 1 0 _aQuantitative methods for business /
_cDavid R. Anderson, Dennis J. Sweeney, Thomas A. Williams.
250 _a4th ed.
260 _aSt. Paul :
_bWest Pub. Co.,
_cc1989.
300 _axviii, 778 p. :
_bill. ;
_c27 cm.
500 _aAccompanied by software on one 3 1/2 in. computer disk for use with the IBM PS/2 and compatibles and on two 5 1/4 in. computer disks for use with the IBM PC and compatibles entitled: The management scientist. Version 1.1.
500 _aIncludes index.
504 _aBibliography: p. 746-750.
650 0 _aManagement science.
_9175154
700 1 _aSweeney, Dennis J.
_9175650
700 1 _aWilliams, Thomas A.
_q(Thomas Arthur),
_d1944-
_9175651
700 1 2 _aAnderson, David R.
_q(David Ray),
_d1941-
_tManagement scientist.
_f1989.
_9175652
942 _2ddc
_cBK
999 _c59060
_d59060